00262nam a2200109Ia 4500008004100000100001400041245003200055260002500087650001500112942000800127999001700135190216s9999||||xx |||||||||||||| ||und|| aArora B L 0aNew Light Objective Physics bNew Light Publishers aReferences cREF c35789d35789